Statistiques concernant Mots commençant par "chou"

Cliquez ici pour prendre le quiz!

Statistiques générales

  • Ce quiz a été pris 535 fois
    (469 depuis la dernière actualisation)
  • Le résultat moyen est 8 sur 15

Statistiques - réponses

SynonymesMots Mystères% Correct
HibouChouette
97%
ElastiqueChouchou
94%
Plat AlsacienChoucroute
94%
PleurerChouiner
88%
DéroberChouraver / Chourrer
84%
BichonnerChouchouter
81%
Légume blancChou-fleur
70%
Bière blondeChouffe
57%
Gougère sucréeChouquette
40%
FêteChouille
19%
Bébé hérissonChoupisson
19%
Insurrection de la fin du XVIIIeChouannerie
11%
Corneille des clochersChoucas
9%
BroutilleChouïa
8%
Pelle-butteChouleur
0%

Distribution des résultats

Percentile par nombre de réponses

% des personnes avec chaque résultat

Votre développement - résultats

Vous n’avez pas pris ce quiz depuis la dernière actualisation